Mi primer proyecto web /

Obra que considera de manera integral el diseño, construcción y planeación de páginas de Internet, por lo que aborda tanto los aspectos de la programación como los del diseño gráfico necesarios para crear sitios web creativos y funcionales.

Guardat en:
Dades bibliogràfiques
Autor principal: Rodríguez de Sepúlveda Maillo, David (autor)
Altres autors: Sánchez Cervantes, María del Mar (autor) (autor)
Format: Llibre
Idioma:espanyol
Publicat: México : Alfaomega, 2011, c2011
Col·lecció:(Navegar en Internet)
Matèries:
Etiquetes: Afegir etiqueta
Sense etiquetes, Sigues el primer a etiquetar aquest registre!

MARC

LEADER 00000nam^a2200000^a^4500
001 000333730
005 20250521000000.0
009 20260310114141.261
020 |a 978-607-707-113-6 
037 |a Acervo ITESO - Biblioteca 
041 |a ESP 
082 |a 621. 382171068  |b ROD 
100 |a Rodríguez de Sepúlveda Maillo, David  |e (autor) 
245 1 0 |a Mi primer proyecto web /  |c D. Rodríguez de Sepúlveda Maillo, M.M. Sánchez Cervantes. 
264 4 |a México :  |b Alfaomega,  |c 2011, c2011 
300 |a 207 p. 
336 |a texto  |b txt  |2 rdacontenido 
337 |a sin mediación  |b n  |2 rdamedio 
338 |a volumen  |b nc  |2 rdasoporte 
440 1 |a (Navegar en Internet) 
520 |a Obra que considera de manera integral el diseño, construcción y planeación de páginas de Internet, por lo que aborda tanto los aspectos de la programación como los del diseño gráfico necesarios para crear sitios web creativos y funcionales. 
649 |a XX 
650 |a Páginas en Línea -  |x Diseño y Construcción -  |x Tema Principal 
650 |a Internet 
650 |a Tecnologías de Comunicación e Información 
650 |a Lenguajes de Programación 
650 |a Programación (Software) 
650 |a Sistemas Computacionales 
650 |a Diseño Gráfico 
650 |a Comunicación Visual 
650 |a Ingeniería Computacional 
700 |a Sánchez Cervantes, María del Mar  |e (autor) 
910 |a Fondo General 
920 |a Impresos - Libros 
930 |a Colección General 
905 |a 101 
901 |a 0500223770  |b IT1  |c ACC  |i D61398  |u 20250521 
902 |a https://opac.biblio.iteso.mx/vufind/Record/000333730